000 02432cam a22003974i 4500
003 PE-LiUPU
005 20250731173219.0
008 150625s1986 pe r 000 0 spa d
035 _a(Sirsi) a33364
040 _aPE-LiUPU
_bspa
_cPE-LiUPU
_erda
049 _aPRUA
082 0 4 _a228
_bA681a
_223
100 1 _aArens, Eduardo,
_eautor.
245 1 0 _aApocalipsis ¿revelación del fin del mundo? :
_bEstudio exegético-crítico del texto en sus contextos /
_cEduardo Arens.
264 1 _aLima :
_bCentro de Proyección Cristiana,
_c1986.
300 _a162 páginas ;
_c21 centímetros.
336 _atext
_2rdacontent
337 _aunmediated
_2rdamedia
338 _avolume
_2rdacarrier
505 0 _aApocalipsis y apocalíptica -- Apocalipsis y profetismo -- Apocalipsis e historia -- Situación histórica -- Propósito del Apocalipsis -- Lenguaje y realidad -- Visiones y audiciones -- Composición y estructura -- Introducción general -- Introducción a las siete cartas -- Visión inaugural -- Las misivas a las siete iglesias -- El trono de Dios -- El cordero y el rollo con los siete sellos -- Apertura de los cuatro primeros sellos -- El quinto y el sexto sello -- Los elegidos -- EI interludio silencioso del séptimo sello -- Las cuatro primeras trompetas -- La quinta y sexta trompeta -- El pequeño rollo -- Jerusalén y los dos testigos -- La última trompeta -- La mujer y el dragón -- EI dragón arrojado del cielo -- La bestia del mar -- Persecución de la mujer por el dragón -- La bestia de la tierra -- EI Cordero y sus elegidos -- Anuncio del juicio -- La siega y la vendimia de la tierra -- Preludio las siete plagas -- Las siete copas de ira -- La mujer sentada sobre la bestia -- Explicación de la visión -- Anuncio de la caída de Babilonia -- Lamentaciones por Babilonia -- Cánticos triunfales en el cielo -- La bestia derrotada por el jinete -- Visión del milenio -- Derrota del dragón -- El juicio final -- Primera visión de la Jerusalén celestial -- Segunda visión de la Jerusalén celestial.
526 _aSEG42
526 _aSEG41
526 _aSEG40
526 _aSEG39
526 _aP94
526 _aP87
526 _aP86
526 _aP85
526 _aP77
526 _aP76
526 _aP35
630 1 4 _aBiblia.
_pApocalipsis
_vComentarios.
942 _2ddc
_cBK
980 _81
_gALBERTO SANCHEZ Responsable de Automatización
999 _c41103
_d41103